000 00786nam a2200241 i 4500
001 C2-0332441
003 PPAK
005 20180728132642.0
008 150729s2014 my a|||| ||||| | may d
020 _a9789674101190
040 _aPPAK
_beng
_cPPAK
_erda
082 0 4 _a741.59595
_223
090 0 0 _a741.59595
_bBEN
_dK
100 1 _aBen, Wong,
_eauthor
245 1 0 _aSuper Safee :
_bsemangat harimau Malaya
264 1 _aBatu Caves, Selangor :
_bPTS Pop Sdn. Bhd. ,
_c2014
300 _a106 pages :
_bcolour illustrations ;
_c23 cm
336 _2rdacontent
_atext
337 _2rdamedia
_aunmediated
338 _2rdacarrier
_avolume
650 1 0 _aMalays - Comic books, strips, etc. ; Comic books, strips, etc. - Malaysia ; Comic books and children - Malaysia
942 _ddc
_cB
999 _c131093
_d131093